000 02240cam a2200469Ii 4500
001 914168916
003 OCoLC
005 20180824183732.0
008 150720s1997 nyua j 000 1 spa d
020 _a9780590484701
_q(paperback)
020 _a0590484702
_q(paperback)
035 _a(OCoLC)914168916
040 _aON8
_beng
_erda
_cON8
_dON8
_dOCLCO
_dHE$
041 1 _aspa
_heng
100 1 _aFalwell, Cathryn,
_0http://id.loc.gov/authorities/names/n88286698
_eauthor,
_eillustrator.
240 1 0 _aFeast for 10.
_lSpanish.
245 1 0 _aFiesta para 10 /
_cCathryn Falwell.
250 _aScholastic edition.
260 _aNew York :
_bScholastic Inc.,
_cc1995.
264 1 _aNew York :
_bScholastic Inc.,
_c[1995]
264 4 _cc1995.
300 _a32 pages :
_bcolor illustrations ;
_c28 cm.
336 _atext
_btxt
_2rdacontent.
336 _astill image
_bsti
_2rdacontent.
337 _aunmediated
_bn
_2rdamedia.
338 _avolume
_bnc
_2rdacarrier.
385 _nage
_aChildren
_2lcdgt.
520 _aLos n©ðmeros del uno al diez se utilizan para contar c©đmo los miembros de una tienda de la familia y trabajar juntos para preparar una comida.
520 _aNumbers from one to ten are used to tell how members of a family shop and work together to prepare a meal.
546 _aText in Spanish. Texto en espa©łol.
650 0 _aCounting.
_0http://id.loc.gov/authorities/subjects/sh85033451.
650 0 _aCooking
_0http://id.loc.gov/authorities/subjects/sh2010008400
_vJuvenile fiction.
_0http://id.loc.gov/authorities/subjects/sh99001687.
650 0 _aFamilies
_vJuvenile fiction.
_0http://id.loc.gov/authorities/subjects/sh2008103523.
650 0 _aAfrican Americans
_vJuvenile fiction.
_0http://id.loc.gov/authorities/subjects/sh2007100201.
650 0 _aAfrican American families
_0http://id.loc.gov/authorities/subjects/sh85001843
_vJuvenile fiction.
_0http://id.loc.gov/authorities/subjects/sh99001687.
655 0 _aSpanish language materials.
655 7 _aMateriales en espa©łol.
_2qlsp.
655 7 _aFiction.
_2fast
_0(OCoLC)fst01423787.
655 7 _aJuvenile works.
_2fast
_0(OCoLC)fst01411637.
655 7 _aFiction.
_2lcgft
_0http://id.loc.gov/authorities/genreForms/gf2014026339.
942 _cBK
999 _c21233
_d21233